Incubus- Make Yourself (Tracklist) - Statistics

General Stats
  • This quiz has been taken 13 times
  • The average score is 8 of 13
Answer Stats
Hint Answer % Correct
Track 8 Drive
92%
Track 7 Make Yourself
92%
Track 12 Pardon Me
83%
Track 6 Stellar
83%
Track 4 The Warmth
83%
Track 9 Clean
67%
Track 3 Consequence
58%
Track 2 Nowhere Fast
58%
Track 11 I Miss You
50%
Track 13 Out From Under
50%
Track 5 When It Comes
50%
Track 1 Privledge
42%
Track 10 Battlestar Scratchalactica
8%
No matching quizzes found
Score Distribution
Percent of People with Each Score
Percentile by Number Answered
Your Score History
You have not taken this quiz